[Event "Chess24 Banter Blitz Cup"]
[Site "chess24.com INT"]
[Date "2019.11.09"]
[Round "1.7"]
[White "Cuenca Jimenez, J."]
[Black "Pantsulaia, L."]
[Result "1-0"]
[WhiteElo "2523"]
[BlackElo "2603"]
[PlyCount "99"]
[EventDate "2019.09.25"]
[EventType "k.o. (blitz)"]
[EventRounds "7"]
[SourceTitle "The Week in Chess 1305"]
[Source "Mark Crowther"]
[SourceDate "2019.11.11"]
[SourceVersion "2"]
[SourceVersionDate "2019.11.18"]
[SourceQuality "2"]

1. d4 Nf6 2. c4 c5 3. d5 e6 4. Nc3 exd5 5. cxd5 g6 6. Nf3 Bg7 7. Bf4 d6 8. Qa4+
Bd7 9. Qb3 b5 10. Bxd6 Qb6 11. Be5 O-O 12. e3 c4 13. Qd1 b4 14. Ne2 Rc8 15. Nf4
c3 16. bxc3 bxc3 17. Rc1 Qa5 18. Be2 Ne4 19. O-O Nd2 20. Nxd2 cxd2 21. Rxc8+
Bxc8 22. Bxg7 Kxg7 23. Qc2 Ba6 24. Rd1 Bxe2 25. Nxe2 Qxd5 26. Qxd2 Qxd2 27.
Rxd2 Nc6 28. Nd4 Nxd4 29. Rxd4 Rb8 30. g3 a5 31. a4 Rb4 32. Kf1 Rb1+ 33. Ke2
Rb2+ 34. Kf3 Ra2 35. h4 h5 36. g4 hxg4+ 37. Rxg4 Kf6 38. Rd4 Ke5 39. Kg3 f5 40.
Rc4 Kf6 41. Rc6+ Kg7 42. Rc4 Kh6 43. f3 Kh5 44. e4 fxe4 45. fxe4 Ra3+ 46. Kf4
Kxh4 47. e5 Ra1 48. e6 Re1 49. Re4 Rf1+ 50. Ke5+ 1-0

[Event "Chess24 Banter Blitz Cup"]
[Site "chess24.com INT"]
[Date "2019.11.09"]
[Round "1.8"]
[White "Pantsulaia, L."]
[Black "Cuenca Jimenez, J."]
[Result "0-1"]
[WhiteElo "2603"]
[BlackElo "2523"]
[PlyCount "80"]
[EventDate "2019.09.25"]
[EventType "k.o. (blitz)"]
[EventRounds "7"]
[SourceTitle "The Week in Chess 1305"]
[Source "Mark Crowther"]
[SourceDate "2019.11.11"]
[SourceVersion "2"]
[SourceVersionDate "2019.11.18"]
[SourceQuality "2"]

1. Nf3 d5 2. g3 e6 3. Bg2 Nf6 4. O-O Be7 5. c4 O-O 6. b3 d4 7. e3 c5 8. exd4
cxd4 9. Bb2 Nc6 10. Re1 Ng4 11. d3 f6 12. a3 a5 13. Nbd2 e5 14. Qc2 Be6 15. Re2
Rc8 16. Rae1 Nh6 17. Bc1 Nf7 18. h4 Bg4 19. Re4 Bf5 20. R4e2 Qd7 21. Nh2 Rfe8
22. Ne4 Be6 23. f4 f5 24. Ng5 Nxg5 25. hxg5 e4 26. Qb2 Bc5 27. dxe4 d3+ 28. Rf2
Bxf2+ 29. Qxf2 Nd4 30. Bb2 Nxb3 31. exf5 d2 32. fxe6 dxe1=Q+ 33. Qxe1 Rxe6 34.
Qc3 Nc5 35. Bd5 Kf8 36. Nf3 Na4 37. Qxa5 Nxb2 38. Qb4+ Qd6 39. Bxe6 Qxb4 40.
axb4 Re8 0-1

[Event "Chess24 Banter Blitz Cup"]
[Site "chess24.com INT"]
[Date "2019.11.09"]
[Round "1.9"]
[White "Cuenca Jimenez, J."]
[Black "Pantsulaia, L."]
[Result "1-0"]
[WhiteElo "2523"]
[BlackElo "2603"]
[PlyCount "79"]
[EventDate "2019.09.25"]
[EventType "k.o. (blitz)"]
[EventRounds "7"]
[SourceTitle "The Week in Chess 1305"]
[Source "Mark Crowther"]
[SourceDate "2019.11.11"]
[SourceVersion "2"]
[SourceVersionDate "2019.11.18"]
[SourceQuality "2"]

1. d4 Nf6 2. c4 e6 3. Nf3 c5 4. d5 b5 5. e4 Nxe4 6. Bd3 Nd6 7. cxb5 a6 8. bxa6
Nxa6 9. Nc3 Nb4 10. Be2 Bb7 11. dxe6 fxe6 12. Bg5 Be7 13. Bxe7 Qxe7 14. O-O O-O
15. a3 Nd5 16. Nxd5 Bxd5 17. Rc1 Nf5 18. Qd2 Rf6 19. Rfe1 Raf8 20. Rc3 h6 21.
a4 Rg6 22. g3 Rgf6 23. a5 Nd6 24. Rd3 Bxf3 25. Bxf3 Nc4 26. Qc3 Nxa5 27. Re2 c4
28. Rde3 Qd6 29. Bg2 Qc7 30. b4 Nb3 31. h4 d5 32. Rc2 Rc8 33. Re1 d4 34. Qb2 d3
35. Rc3 Nd4 36. Rd1 Ne2+ 37. Kh2 Nxc3 38. Qxc3 Rxf2 39. Rd2 Rxd2 40. Qxd2 1-0

[Event "TCh-ESP Div 1 2019"]
[Site "Linares ESP"]
[Date "2019.08.26"]
[Round "1.4"]
[White "Vergara Anton, Diego"]
[Black "Cuenca Jimenez, J."]
[Result "0-1"]
[WhiteElo "2128"]
[BlackElo "2515"]
[PlyCount "202"]
[EventDate "2019.08.26"]
[SourceVersionDate "2018.05.14"]
[WhiteTeam "REAL OVIEDO"]
[BlackTeam "OROMANA SCHNEIDER ELECTRIC"]

1. d4 Nf6 2. Nf3 d5 3. g3 e6 4. Bg2 Be7 5. O-O O-O 6. c4 dxc4 7. Qc2 a6 8. a4
Bd7 9. Qxc4 Bc6 10. Bg5 Bd5 11. Qd3 c5 12. dxc5 Nbd7 13. Nc3 Nxc5 14. Qd1 h6
15. Nxd5 Nxd5 16. Bxe7 Qxe7 17. e3 Rfd8 18. Qe2 Nb3 19. Ra3 Qb4 20. Qc2 Na5 21.
Rc1 Nb6 22. Qc3 Qxc3 23. Raxc3 Nd5 24. Rd3 Rac8 25. Rcd1 Nc4 26. Rb3 Na5 27.
Rbd3 Nc6 28. Nd4 Ncb4 29. R3d2 Rd7 30. Ne2 Rdc7 31. Nf4 Nf6 32. Nd3 Nbd5 33.
Nf4 Nb6 34. b3 a5 35. Rd6 Nbd7 36. Nh5 Kf8 37. Nxf6 Nxf6 38. Rb6 Rc1 39. Rf1
Rxf1+ 40. Kxf1 Rc1+ 41. Ke2 Rc2+ 42. Ke1 Nd7 43. Rxb7 Nc5 44. Rb8+ Ke7 45. Bf1
Rc1+ 46. Ke2 Rb1 47. Rb5 Nxb3 48. Bg2 Nc1+ 49. Kd2 Rxb5 50. axb5 Nb3+ 51. Kc3
Nc5 52. Kc4 Na4 53. e4 Kd6 54. f4 f6 55. Bf1 Nb6+ 56. Kc3 e5 57. f5 Kc5 58. Bd3
Nc8 59. Kb3 Kd4 60. Bb1 Nb6 61. Bc2 Ke3 62. Kc3 Kf3 63. Kd3 Kg2 64. Ke2 Kxh2
65. Kf2 a4 66. Bd1 a3 67. Bb3 Kh3 68. Kf3 h5 69. Ba2 h4 70. gxh4 Kxh4 71. Bb3
Kh3 72. Bf7 Na4 73. Be6 Kh2 74. Ke3 Kg2 75. Bc4 Nb6 76. Ba2 Kf1 77. Kd3 Kf2 78.
Bb3 Kf3 79. Ba2 Kf4 80. Bb1 Kf3 81. Ba2 Kf2 82. Bb3 Na4 83. Kc4 Ke3 84. Kb4 Nb6
85. Kc5 Nc8 86. Kd5 Kd3 87. Ba2 Kc3 88. Ke6 Kd4 89. Kd7 Nb6+ 90. Kc6 Na4 91.
Bd5 Kc3 92. b6 Nxb6 93. Kxb6 Kd4 94. Kc6 a2 95. Bxa2 Kxe4 96. Kd6 Kxf5 97. Kd5
Kf4 98. Ke6 f5 99. Bb1 e4 100. Kd5 g5 101. Kd4 g4 0-1

[Event "TCh-ESP Div 1 2019"]
[Site "Linares ESP"]
[Date "2019.08.30"]
[Round "5.3"]
[White "Cuenca Jimenez, J."]
[Black "Sarana, A."]
[Result "1/2-1/2"]
[WhiteElo "2515"]
[BlackElo "2655"]
[PlyCount "119"]
[EventDate "2019.08.26"]
[SourceVersionDate "2018.05.14"]
[WhiteTeam "OROMANA SCHNEIDER ELECTRIC"]
[BlackTeam "ANDREU PATERNA"]

1. d4 Nf6 2. c4 e6 3. Nf3 d5 4. g3 Bb4+ 5. Bd2 Be7 6. Bg2 c6 7. O-O O-O 8. Qc2
Nbd7 9. Bf4 b6 10. Rd1 Ba6 11. Ne5 Rc8 12. cxd5 Nxd5 13. Nc3 Nxe5 14. Bxe5 Nxc3
15. bxc3 Bc4 16. Be4 h6 17. Bh7+ Kh8 18. Bd3 Bxd3 19. Rxd3 Qd7 20. c4 Kg8 21.
Rad1 Rfd8 22. Qb3 Qb7 23. e4 Qa6 24. a4 Bd6 25. Bxd6 Rxd6 26. Kg2 Rcd8 27. R1d2
Qa5 28. d5 exd5 29. cxd5 cxd5 30. exd5 Qa6 31. h4 Qb7 32. Rd4 Qd7 33. Qf3 Re8
34. Re4 Rd8 35. Red4 Qb7 36. Qe4 h5 37. Qf3 g6 38. R2d3 Qd7 39. Rd2 Qc8 40. g4
hxg4 41. Rxg4 Qd7 42. h5 Rxd5 43. Rxd5 Qxd5 44. hxg6 Qxf3+ 45. Kxf3 f6 46. Rh4
a6 47. Rh7 Rd4 48. Rf7 Rxa4 49. Rxf6 b5 50. Kg3 Kg7 51. Rb6 Ra1 52. Kg4 b4 53.
f4 b3 54. f5 Rg1+ 55. Kf4 Rf1+ 56. Ke5 Re1+ 57. Kd4 Rd1+ 58. Kc3 Rf1 59. Rb7+
Kg8 60. Rb8+ 1/2-1/2

[Event "ch-ESP Rapid 2019"]
[Site "Linares ESP"]
[Date "2019.08.24"]
[Round "1.18"]
[White "Marino Bravo, Ma"]
[Black "Cuenca Jimenez, J."]
[Result "0-1"]
[WhiteElo "2044"]
[BlackElo "2515"]
[PlyCount "70"]
[EventDate "2019.08.24"]
[EventType "swiss (rapid)"]
[EventRounds "9"]
[EventCountry "ESP"]
[SourceTitle "The Week in Chess 1294"]
[Source "Mark Crowther"]
[SourceDate "2019.08.26"]
[SourceVersion "1"]
[SourceVersionDate "2019.08.26"]
[SourceQuality "2"]

1. d4 Nf6 2. Bf4 d5 3. e3 e6 4. Nd2 c5 5. c3 Nc6 6. Bd3 Bd6 7. Bxd6 Qxd6 8. f4
h6 9. Ngf3 b6 10. Ne5 Bb7 11. O-O a6 12. Ndf3 Ne7 13. Qe1 Ne4 14. Bc2 O-O 15.
g4 f6 16. Nd3 a5 17. Qh4 Rac8 18. g5 Nf5 19. Qh5 Bc6 20. gxh6 Nxh6 21. Rae1 Be8
22. Qh3 Bg6 23. Re2 Bf5 24. Qh4 Rf7 25. Rg2 Kf8 26. Kh1 Ng8 27. Rfg1 g6 28. Nf2
Rcc7 29. Nxe4 dxe4 30. Nd2 Rh7 31. Qf2 Qc6 32. Rg3 cxd4 33. Qg2 d3 34. Rxg6
Bxg6 35. Qxg6 Rcg7 0-1

[Event "ch-ESP Rapid 2019"]
[Site "Linares ESP"]
[Date "2019.08.24"]
[Round "2.15"]
[White "Cuenca Jimenez, J."]
[Black "Dominguez Alcon, V."]
[Result "1-0"]
[WhiteElo "2515"]
[BlackElo "2172"]
[PlyCount "61"]
[EventDate "2019.08.24"]
[EventType "swiss (rapid)"]
[EventRounds "9"]
[EventCountry "ESP"]
[SourceTitle "The Week in Chess 1294"]
[Source "Mark Crowther"]
[SourceDate "2019.08.26"]
[SourceVersion "1"]
[SourceVersionDate "2019.08.26"]
[SourceQuality "2"]

1. d4 Nf6 2. c4 g6 3. Nc3 Bg7 4. e4 d6 5. h3 O-O 6. Be3 e5 7. d5 Na6 8. g4 Nc5
9. f3 a5 10. Qd2 c6 11. O-O-O cxd5 12. cxd5 Bd7 13. Kb1 b5 14. Bxc5 dxc5 15.
Bxb5 Bxb5 16. Nxb5 Qb6 17. a4 Rfd8 18. Ne2 Ne8 19. Nec3 Bf8 20. Qf2 Nd6 21.
Nxd6 Qxd6 22. Nb5 Qd7 23. d6 c4 24. Rd5 Rdc8 25. Rc1 Ra6 26. Qe2 Rac6 27. Qd2
Qd8 28. d7 Rb8 29. Rxe5 Re6 30. Rxe6 fxe6 31. Rxc4 1-0

[Event "ch-ESP Rapid 2019"]
[Site "Linares ESP"]
[Date "2019.08.24"]
[Round "3.13"]
[White "Buendia Pinar, A."]
[Black "Cuenca Jimenez, J."]
[Result "1-0"]
[WhiteElo "2277"]
[BlackElo "2515"]
[PlyCount "107"]
[EventDate "2019.08.24"]
[EventType "swiss (rapid)"]
[EventRounds "9"]
[EventCountry "ESP"]
[SourceTitle "The Week in Chess 1294"]
[Source "Mark Crowther"]
[SourceDate "2019.08.26"]
[SourceVersion "1"]
[SourceVersionDate "2019.08.26"]
[SourceQuality "2"]

1. d4 Nf6 2. c4 g6 3. Nf3 Bg7 4. g3 O-O 5. Bg2 d6 6. O-O Nc6 7. Nc3 a6 8. Bf4
Rb8 9. Rc1 h6 10. Qd2 g5 11. Be3 Ng4 12. d5 Na5 13. Nd1 c5 14. dxc6 Nxc6 15. h3
Nxe3 16. Nxe3 e6 17. Rfd1 Qf6 18. b3 Rd8 19. h4 gxh4 20. Nxh4 h5 21. Bxc6 bxc6
22. Qa5 c5 23. Neg2 Bh6 24. e3 Bb7 25. Qc7 Qe5 26. b4 cxb4 27. c5 Bd5 28. f4
Qb2 29. cxd6 Bf8 30. d7 Ra8 31. f5 Qxa2 32. Qf4 Kh7 33. e4 Bh6 34. Qe5 Bxc1 35.
exd5 Bb2 36. Qf4 Qb3 37. Rf1 Qxd5 38. Qg5 Rh8 39. Qxh5+ Kg7 40. Qg5+ Kf8 41.
Ng6+ fxg6 42. fxe6+ Kg8 43. Qxg6+ Bg7 44. Qf7+ Kh7 45. Rf5 Qd1+ 46. Kh2 Raf8
47. Rh5+ Qxh5+ 48. Qxh5+ Kg8 49. Qxh8+ Bxh8 50. e7 Bf6 51. e8=Q Kg7 52. Nf4
Rh8+ 53. Kg2 Rh6 54. Ne6+ 1-0

[Event "ch-ESP Rapid 2019"]
[Site "Linares ESP"]
[Date "2019.08.24"]
[Round "4.15"]
[White "Cuenca Jimenez, J."]
[Black "Portela Peleteiro, A."]
[Result "1-0"]
[WhiteElo "2515"]
[BlackElo "2375"]
[PlyCount "65"]
[EventDate "2019.08.24"]
[EventType "swiss (rapid)"]
[EventRounds "9"]
[EventCountry "ESP"]
[SourceTitle "The Week in Chess 1294"]
[Source "Mark Crowther"]
[SourceDate "2019.08.26"]
[SourceVersion "1"]
[SourceVersionDate "2019.08.26"]
[SourceQuality "2"]

1. d4 d6 2. Nf3 f5 3. c4 g6 4. Nc3 Nf6 5. g3 Bg7 6. Bg2 O-O 7. O-O Qe8 8. b3 e5
9. dxe5 dxe5 10. e4 c6 11. Ba3 Rf7 12. Ng5 Rd7 13. Qe2 h6 14. Nf3 f4 15. Bh3
Rd8 16. Bxc8 Rxc8 17. Nh4 Nbd7 18. Rad1 Nf8 19. Bxf8 Bxf8 20. gxf4 exf4 21. e5
Nh7 22. Qe4 g5 23. Nf5 Rd8 24. e6 Nf6 25. Qe2 Rxd1 26. Rxd1 Bb4 27. Nxh6+ Kh7
28. Nf7 Bxc3 29. Nxg5+ Kg6 30. h4 Bb4 31. Qc2+ Kg7 32. Rd7+ Kg8 33. Rf7 1-0

[Event "ch-ESP Rapid 2019"]
[Site "Linares ESP"]
[Date "2019.08.24"]
[Round "5.13"]
[White "Lopez Gonzalez, Alfonso"]
[Black "Cuenca Jimenez, J."]
[Result "0-1"]
[WhiteElo "2219"]
[BlackElo "2515"]
[PlyCount "58"]
[EventDate "2019.08.24"]
[EventType "swiss (rapid)"]
[EventRounds "9"]
[EventCountry "ESP"]
[SourceTitle "The Week in Chess 1294"]
[Source "Mark Crowther"]
[SourceDate "2019.08.26"]
[SourceVersion "1"]
[SourceVersionDate "2019.08.26"]
[SourceQuality "2"]

1. d4 Nf6 2. c4 g6 3. Nc3 Bg7 4. e4 d6 5. h3 O-O 6. Bd3 Nc6 7. d5 Ne5 8. Nf3
Nxd3+ 9. Qxd3 c6 10. O-O Qa5 11. Bd2 Qa6 12. b3 Re8 13. Nd4 e6 14. dxe6 fxe6
15. Rae1 e5 16. Nf3 d5 17. exd5 Bf5 18. Qe3 cxd5 19. Nxe5 dxc4 20. Qc5 Rac8 21.
Qb4 Bf8 22. Qa4 Qxa4 23. bxa4 Bb4 24. f4 Red8 25. Re2 Bd3 26. Nxd3 cxd3 27. Re6
Bxc3 28. Bxc3 Rxc3 29. Rxf6 d2 0-1

[Event "ch-ESP Rapid 2019"]
[Site "Linares ESP"]
[Date "2019.08.24"]
[Round "6.9"]
[White "Cuenca Jimenez, J."]
[Black "Henderson de La Fuente, Lance"]
[Result "0-1"]
[WhiteElo "2515"]
[BlackElo "2487"]
[PlyCount "74"]
[EventDate "2019.08.24"]
[EventType "swiss (rapid)"]
[EventRounds "9"]
[EventCountry "ESP"]
[SourceTitle "The Week in Chess 1294"]
[Source "Mark Crowther"]
[SourceDate "2019.08.26"]
[SourceVersion "1"]
[SourceVersionDate "2019.08.26"]
[SourceQuality "2"]

1. d4 e6 2. c4 f5 3. Nf3 Nf6 4. Nc3 b6 5. g3 Bb7 6. Bg2 g6 7. O-O Bg7 8. d5 O-O
9. Bf4 Na6 10. Rc1 Nc5 11. b4 Nce4 12. Nb5 c6 13. dxc6 Bxc6 14. Nfd4 Qe7 15.
Be5 Qxb4 16. f3 Nc5 17. Bd6 Rfd8 18. a3 Qa5 19. Nb3 Nxb3 20. Qxb3 Bxb5 21. cxb5
a6 22. a4 axb5 23. axb5 Rdc8 24. e4 fxe4 25. fxe4 Ng4 26. e5 Bh6 27. Rce1 Qa4
28. Qf3 Qd4+ 29. Kh1 Ra2 30. Qf7+ Kh8 31. Qxd7 Rca8 32. h3 Rxg2 33. hxg4 Rxg3
34. Qxe6 Rh3+ 35. Kg2 Ra2+ 36. Kxh3 Qd3+ 37. Kh4 Rh2# 0-1

[Event "ch-ESP Rapid 2019"]
[Site "Linares ESP"]
[Date "2019.08.24"]
[Round "7.15"]
[White "Gaya Llodra, J."]
[Black "Cuenca Jimenez, J."]
[Result "0-1"]
[WhiteElo "2221"]
[BlackElo "2515"]
[PlyCount "70"]
[EventDate "2019.08.24"]
[EventType "swiss (rapid)"]
[EventRounds "9"]
[EventCountry "ESP"]
[SourceTitle "The Week in Chess 1294"]
[Source "Mark Crowther"]
[SourceDate "2019.08.26"]
[SourceVersion "1"]
[SourceVersionDate "2019.08.26"]
[SourceQuality "2"]

1. d4 Nf6 2. Nf3 g6 3. g3 Bg7 4. Bg2 O-O 5. c4 d6 6. O-O Nc6 7. Nc3 a6 8. h3
Bd7 9. b3 e5 10. dxe5 dxe5 11. Bg5 h6 12. Be3 Qc8 13. Kh2 Be6 14. Qc1 g5 15.
Nd2 Nd4 16. Bxd4 exd4 17. Nd5 Nxd5 18. cxd5 Bf5 19. Qc4 d3 20. e4 Bxa1 21. exf5
Be5 22. Qxd3 Qd7 23. Nc4 Bf6 24. Qf3 Rad8 25. Ne3 Kg7 26. Rd1 Rfe8 27. Qh5 Rh8
28. Be4 Rde8 29. f3 Qb5 30. Nc4 Qc5 31. Rd2 b5 32. d6 bxc4 33. d7 Rxe4 34. fxe4
c3 35. Rc2 Rd8 0-1

[Event "ch-ESP Rapid 2019"]
[Site "Linares ESP"]
[Date "2019.08.24"]
[Round "8.13"]
[White "Cuenca Jimenez, J."]
[Black "Laiz Ibanez, H."]
[Result "1-0"]
[WhiteElo "2515"]
[BlackElo "2274"]
[PlyCount "42"]
[EventDate "2019.08.24"]
[EventType "swiss (rapid)"]
[EventRounds "9"]
[EventCountry "ESP"]
[SourceTitle "The Week in Chess 1294"]
[Source "Mark Crowther"]
[SourceDate "2019.08.26"]
[SourceVersion "1"]
[SourceVersionDate "2019.08.26"]
[SourceQuality "2"]

1. Nf3 d5 2. b3 Bg4 3. g3 Nd7 4. Bb2 Ngf6 5. Bg2 e6 6. d3 Bc5 7. Nbd2 Qe7 8. a4
O-O 9. h3 Bxf3 10. Bxf3 e5 11. e4 dxe4 12. dxe4 a5 13. Qe2 Rfd8 14. O-O Bd4 15.
c3 Bc5 16. Bg2 Nb6 17. Rad1 c6 18. Nf3 Qe6 19. Qc2 Nbd7 20. Rd2 Be7 21. Ng5 Bc5
1-0

[Event "ch-ESP Rapid 2019"]
[Site "Linares ESP"]
[Date "2019.08.24"]
[Round "9.5"]
[White "Larino Nieto, D."]
[Black "Cuenca Jimenez, J."]
[Result "1-0"]
[WhiteElo "2457"]
[BlackElo "2515"]
[PlyCount "107"]
[EventDate "2019.08.24"]
[EventType "swiss (rapid)"]
[EventRounds "9"]
[EventCountry "ESP"]
[SourceTitle "The Week in Chess 1294"]
[Source "Mark Crowther"]
[SourceDate "2019.08.26"]
[SourceVersion "1"]
[SourceVersionDate "2019.08.26"]
[SourceQuality "2"]

1. e3 d5 2. b3 Nf6 3. Bb2 Bf5 4. d3 e6 5. Nd2 h6 6. h3 c6 7. g4 Bg6 8. Bg2 Nbd7
9. Ne2 Bd6 10. f4 Qb6 11. Bd4 Bc5 12. Nf3 Bxd4 13. exd4 h5 14. g5 Ng8 15. h4
Bf5 16. Qd2 Ne7 17. a4 a5 18. Ne5 Nxe5 19. dxe5 Bg4 20. Ng3 Ng6 21. d4 Qb4 22.
c3 Qxb3 23. f5 exf5 24. O-O Nxh4 25. g6 O-O 26. Rab1 Qc4 27. Qg5 Nxg2 28. Nxh5
Bxh5 29. Qxh5 fxg6 30. Qxg6 Nh4 31. Qe6+ Rf7 32. Rxb7 Raf8 33. Rxf7 Rxf7 34.
Qe8+ Rf8 35. Qe6+ Rf7 36. Qe8+ Rf8 37. Qh5 Qxc3 38. Qxh4 c5 39. dxc5 Qe3+ 40.
Rf2 Qxe5 41. Rh2 Qe3+ 42. Kf1 Qf3+ 43. Kg1 Qe3+ 44. Kf1 Re8 45. Qh7+ Kf7 46.
Qxf5+ Kg8 47. Qh7+ Kf7 48. Rf2+ Ke6 49. Re2 d4 50. Rxe3+ dxe3 51. Qg6+ Kd7 52.
Qxg7+ Re7 53. Qd4+ Kc8 54. Ke2 1-0

[Event "7th ch-Iberoamericano"]
[Site "Linares ESP"]
[Date "2019.08.16"]
[Round "7.2"]
[White "Cuenca Jimenez, J."]
[Black "Cori, J."]
[Result "0-1"]
[WhiteElo "2515"]
[BlackElo "2686"]
[PlyCount "80"]
[EventDate "2019.08.10"]
[SourceVersionDate "2018.05.14"]

1. e4 e6 2. d4 d5 3. Nc3 Nf6 4. e5 Nfd7 5. f4 c5 6. Nf3 Nc6 7. Be3 Be7 8. Qd2
O-O 9. dxc5 Nxc5 10. O-O-O a6 11. h4 b5 12. Bd3 Nb4 13. Kb1 Nbxd3 14. cxd3 b4
15. Ne2 Bd7 16. g4 Rc8 17. Ned4 b3 18. Nxb3 Nxb3 19. axb3 a5 20. f5 Bb4 21. Qf2
Qc7 22. f6 a4 23. fxg7 Rfe8 24. Ng5 Re7 25. Rc1 Qa5 26. Rxc8+ Bxc8 27. bxa4 Ba6
28. Qc2 d4 29. Bf4 Rc7 30. Qd1 Bb5 31. axb5 Ra7 32. Qf3 Qa1+ 33. Kc2 Rc7+ 34.
Kb3 Rc3+ 35. Kxb4 Qxb2+ 36. Ka5 Qa3+ 37. Kb6 Qc5+ 38. Ka6 Ra3+ 39. Kb7 Ra7+ 40.
Kb8 Qc7# 0-1

[Event "7th Oviedo Open 2019"]
[Site "Oviedo ESP"]
[Date "2019.07.15"]
[Round "1.3"]
[White "Cuenca Jimenez, J."]
[Black "Lopez de Turiso, J."]
[Result "1-0"]
[WhiteElo "2534"]
[BlackElo "1929"]
[PlyCount "71"]
[EventDate "2019.07.15"]
[EventType "swiss"]
[EventRounds "9"]
[EventCountry "ESP"]
[SourceTitle "The Week in Chess 1289"]
[Source "Mark Crowther"]
[SourceDate "2019.07.22"]
[SourceVersion "3"]
[SourceVersionDate "2019.08.10"]
[SourceQuality "2"]

1. d4 Nf6 2. c4 e5 3. dxe5 Ne4 4. Nd2 Bb4 5. a3 Bxd2+ 6. Bxd2 Nxd2 7. Qxd2 Nc6
8. f4 O-O 9. Nf3 f6 10. exf6 Qxf6 11. e3 d6 12. Bd3 Bf5 13. Bxf5 Qxf5 14. O-O
Qc5 15. Rac1 Rae8 16. Rfe1 h6 17. b4 Qb6 18. c5 dxc5 19. Qd5+ Kh7 20. Rxc5 Re7
21. b5 Rd8 22. Qf5+ g6 23. Qc2 Na5 24. Ne5 Kg7 25. Rc1 Rd6 26. Qc3 Kg8 27. h3
c6 28. Kh2 Qd8 29. bxc6 Nxc6 30. Nxc6 bxc6 31. Rxc6 Rxc6 32. Qxc6 Kh7 33. Qf6
Qd7 34. Rc8 Rg7 35. Qf8 g5 36. f5 1-0

[Event "7th Oviedo Open 2019"]
[Site "Oviedo ESP"]
[Date "2019.07.16"]
[Round "2.3"]
[White "Rottenwohrer Suarez, Juan"]
[Black "Cuenca Jimenez, J."]
[Result "0-1"]
[WhiteElo "2227"]
[BlackElo "2534"]
[PlyCount "76"]
[EventDate "2019.07.15"]
[EventType "swiss"]
[EventRounds "9"]
[EventCountry "ESP"]
[SourceTitle "The Week in Chess 1289"]
[Source "Mark Crowther"]
[SourceDate "2019.07.22"]
[SourceVersion "3"]
[SourceVersionDate "2019.08.10"]
[SourceQuality "2"]

1. d4 Nf6 2. c4 e6 3. Nc3 Bb4 4. Qc2 d6 5. Bg5 Nbd7 6. Nf3 b6 7. e3 Bb7 8. Be2
h6 9. Bh4 g5 10. Bg3 Ne4 11. O-O Bxc3 12. bxc3 Qe7 13. Nd2 Nxd2 14. Qxd2 O-O-O
15. a4 a5 16. f4 f5 17. Bf3 Nf6 18. Bxb7+ Kxb7 19. Rfb1 Ne4 20. Qc1 Qe8 21. Rb5
Qc6 22. Qb2 Qxc4 23. Be1 Kc8 24. Rb1 Kd7 25. Qc2 d5 26. Qd1 Rdg8 27. Rc1 gxf4
28. exf4 Rg4 29. g3 Rhg8 30. Rb2 Rxf4 31. Bf2 Rxf2 32. Rxf2 Nxf2 33. Kxf2 Qa2+
34. Kg1 Rg4 35. Qf3 Qxa4 36. c4 Rxd4 37. cxd5 Rxd5 38. Qh5 Qd4+ 0-1

[Event "7th Oviedo Open 2019"]
[Site "Oviedo ESP"]
[Date "2019.07.16"]
[Round "3.3"]
[White "Cuenca Jimenez, J."]
[Black "Polivanov, A."]
[Result "0-1"]
[WhiteElo "2534"]
[BlackElo "2364"]
[PlyCount "130"]
[EventDate "2019.07.15"]
[EventType "swiss"]
[EventRounds "9"]
[EventCountry "ESP"]
[SourceTitle "The Week in Chess 1289"]
[Source "Mark Crowther"]
[SourceDate "2019.07.22"]
[SourceVersion "3"]
[SourceVersionDate "2019.08.10"]
[SourceQuality "2"]

1. d4 e6 2. c4 f5 3. Nf3 Nf6 4. g3 Be7 5. Bg2 O-O 6. O-O Ne4 7. Qc2 Nc6 8. Nc3
Nxc3 9. Qxc3 a5 10. Ne5 Bf6 11. Be3 Ne7 12. Rfd1 d6 13. Nf3 Bd7 14. Bg5 Bc6 15.
Bxf6 Rxf6 16. Rac1 Be4 17. Ne1 Bxg2 18. Nxg2 g5 19. f4 g4 20. d5 Qf8 21. Rd2 b6
22. b3 Re8 23. a3 Ng6 24. e3 e5 25. b4 axb4 26. axb4 Rf7 27. c5 bxc5 28. bxc5
Rfe7 29. Rf1 exf4 30. exf4 Re4 31. c6 Qe7 32. Rdd1 h5 33. Rfe1 Kf7 34. Qa5 h4
35. Rxe4 Qxe4 36. Re1 Qd4+ 37. Kf1 h3 38. Qxc7+ Re7 39. Rxe7+ Nxe7 40. Nh4 Qxd5
41. Ke2 Kf6 42. Qd8 Qxc6 43. Qh8+ Ke6 44. Qb2 Qh1 45. Kd3 Qf1+ 46. Kd4 Nc6+ 47.
Ke3 Qe1+ 48. Kd3 Qe4+ 49. Kd2 d5 50. Qb7 Qd4+ 51. Ke2 Qc4+ 52. Kf2 Qc2+ 53. Ke1
Kd6 54. Qb6 Qe4+ 55. Kd2 Qd4+ 56. Qxd4 Nxd4 57. Ke3 Kc5 58. Kd3 Nf3 59. Nxf5
Nxh2 60. Nh6 Nf1 61. Nxg4 h2 62. Nf2 Nxg3 63. Ke3 h1=Q 64. Nxh1 Nxh1 65. Kf3
Kd4 0-1

[Event "7th Oviedo Open 2019"]
[Site "Oviedo ESP"]
[Date "2019.07.18"]
[Round "5.4"]
[White "Cuenca Jimenez, J."]
[Black "Cuevas Fernandez, J."]
[Result "1-0"]
[WhiteElo "2534"]
[BlackElo "2135"]
[PlyCount "63"]
[EventDate "2019.07.15"]
[EventType "swiss"]
[EventRounds "9"]
[EventCountry "ESP"]
[SourceTitle "The Week in Chess 1289"]
[Source "Mark Crowther"]
[SourceDate "2019.07.22"]
[SourceVersion "3"]
[SourceVersionDate "2019.08.10"]
[SourceQuality "2"]

1. c4 c5 2. Nf3 Nc6 3. d4 cxd4 4. Nxd4 d6 5. e4 Nf6 6. Nc3 e6 7. Nc2 Be7 8. Be2
O-O 9. O-O b6 10. b3 Bb7 11. Bb2 Rc8 12. Qd2 Qc7 13. Ne3 Rfd8 14. Rad1 Ne5 15.
f3 a6 16. Kh1 Ba8 17. Rc1 Ng6 18. Rfd1 Qb7 19. Bf1 h5 20. Qf2 h4 21. Rc2 Rc7
22. Rcd2 Rcd7 23. a4 Nh5 24. Ba3 Qc7 25. Ne2 Bg5 26. Ng1 Bc6 27. Nh3 Bh6 28.
Rc2 Nhf4 29. Nxf4 Bxf4 30. Nd5 Bxd5 31. cxd5 Qb7 32. g3 1-0

[Event "7th Oviedo Open 2019"]
[Site "Oviedo ESP"]
[Date "2019.07.18"]
[Round "6.6"]
[White "Gonzalez Laso, A."]
[Black "Cuenca Jimenez, J."]
[Result "0-1"]
[WhiteElo "2204"]
[BlackElo "2534"]
[PlyCount "100"]
[EventDate "2019.07.15"]
[EventType "swiss"]
[EventRounds "9"]
[EventCountry "ESP"]
[SourceTitle "The Week in Chess 1289"]
[Source "Mark Crowther"]
[SourceDate "2019.07.22"]
[SourceVersion "3"]
[SourceVersionDate "2019.08.10"]
[SourceQuality "2"]

1. e4 c5 2. Nc3 Nc6 3. g3 g6 4. Bg2 Bg7 5. d3 d6 6. f4 e6 7. Nf3 Nge7 8. O-O
O-O 9. Be3 b6 10. Bf2 d5 11. e5 Bd7 12. Qd2 f6 13. exf6 Bxf6 14. Rae1 Nf5 15.
Nd1 Qc7 16. c3 Rae8 17. g4 Ng7 18. Bg3 Qc8 19. Ne5 Nxe5 20. fxe5 Be7 21. Nf2
Qd8 22. Nh3 Rxf1+ 23. Rxf1 Rf8 24. Qh6 Rxf1+ 25. Bxf1 Ne8 26. d4 Bf8 27. Qe3 c4
28. Bf4 b5 29. Bg5 Be7 30. Bh6 Nc7 31. a3 a5 32. Qf4 b4 33. axb4 axb4 34. Ng5
Be8 35. Nf3 bxc3 36. bxc3 Nb5 37. Ng5 Qb6 38. Qe3 Qa5 39. Nxe6 Qxc3 40. Bg2
Qa1+ 41. Qc1 Qxc1+ 42. Bxc1 Bc6 43. Kf1 Kf7 44. Nf4 Bg5 45. e6+ Ke8 46. Nxd5
Bxc1 47. Nf6+ Ke7 48. Bxc6 Nxd4 49. Nd5+ Kxe6 50. Nc3 Nxc6 0-1